Historia de la filosofía : la época clásica /

Gardado en:
Detalles Bibliográficos
Autor Principal: Rivaud, Albert (autor)
Formato: Libro
Idioma:Lingua castelá
Publicado: Buenos Aires, Argentina : Kapelusz, 1962, c1962
Series:(Colección Universitaria Kapelusz. Filosofía y Ciencias Sociales)
Temas:
Etiquetas: Engadir etiqueta
Sen Etiquetas, Sexa o primeiro en etiquetar este rexistro!

MARC

LEADER 00000nam^a2200000^a^4500
001 000001367
005 20250521000000.0
009 20260310083104.492
037 |a Acervo ITESO - Biblioteca 
041 |a ESP 
082 |a 140. 9  |b RIV V. 3 
100 |a Rivaud, Albert  |e (autor) 
240 1 1 |a [Historia de la filosofía] 
245 1 0 |a Historia de la filosofía :  |b la época clásica /  |c A. Rivaud ; tr. por Angela Romera, Marta Elena Samatan. 
264 4 |a Buenos Aires, Argentina :  |b Kapelusz,  |c 1962, c1962 
300 |a 454 p. 
336 |a texto  |b txt  |2 rdacontenido 
337 |a sin mediación  |b n  |2 rdamedio 
338 |a volumen  |b nc  |2 rdasoporte 
440 1 |a (Colección Universitaria Kapelusz.  |p Filosofía y Ciencias Sociales) 
500 |a Traducción de: Histoire de la Philosophie 
649 |a XX 
650 |a Filosofía Moderna -  |x Historia y Crítica 
650 |a Filosofía -  |x Historia y Crítica 
910 |a Fondo General 
920 |a Impresos - Libros 
930 |a Colección General 
905 |a 101 
901 |a 0013670100  |b IT1  |c ACC  |i 001367  |u 20250521 
902 |a https://opac.biblio.iteso.mx/vufind/Record/000001367